| 000 | 00382cam a2200145ua 4500 | ||
|---|---|---|---|
| 001 | 5396 | ||
| 008 | 120901n ii |||gr||||Z||||||asm | ||
| 040 | _cMAIN | ||
| 100 | 1 |
_aDeka, Namita, _eAuthor, |
|
| 245 | 1 | 0 |
_aAsha bosorar axomiya kobitat romantik bhabdhara _cby Namita Deka |
| 250 | _a1st. | ||
| 260 |
_aJorhat: _bAsam Sahitya Sabha, _c2012. |
||
| 300 |
_a142p: _c18cm. |
||
| 942 | _cBK | ||
| 999 |
_c4577 _d4577 |
||